1201 1651 1632 1117 1693 1653 1516 1477 1302 1099 2000 1299 1108 1235 1725 1516 1338 1455 1711 1405 1836 1655 1732 1602 1340 1205 1438 1485 1820 1496 1375 1470 1179 1684 1497 1293 1147 1685 1079 1913 1989 1760 1623 1973 1966 1987 1481 1055 1382 1549 1829 1212 1791 1855 1184 1290 1886 1599 1296 1952 1039 1603 1395 1179 1397 1657 1572 1202 1767 1233 1824 1123 1575 1217 1292 1132 1106 1852 1393 1279 1761 1016 1806 1696 1275 1523 1454 1807 1368 1900 1192 1993 1767 1800 1877 1951 1014 1971 1186 BCNSPRNW ULIB Ver.6.0+V

เปลี่ยนเป็นภาษาไทย

Change to English
 แสดงรายละเอียดบรรณานุกรม
  กลับหน้าหลัก

Brief Record : Get Marc (ISO 2709) : E-mail record : QR code < ปิดหน้าต่าง
LEADER : 00000nam 2200000uu 4500
001    13399126195
003     ULIB
008    180716s2015||||th 000 0 tha d
020    ^a9780521693080
050 00 ^aPE1128^bC172^cV.6
245 10 ^aCambridge practice tests for IELTS 6
260    ^aCambridge :^bCambridge University Press,^c2015
300    ^a176 p.:^bill. ;^c25 cm.
650 00 ^aInternational English Language Testing System.
650 00 ^aEnglish language^xExaminations, questions, etc.
650 00 ^aEnglish language^xTextbooks for foreign speakers
945    ^p0^l0^i26413
999    ^aกัณชพร จุลอักษร
รายการนี้ยังไม่มีแท็ก
คุณยังไม่ได้ล็อกอิน คุณสามารถมีกิจกรรมร่วมกับเว็บไซต์ได้ แต่ต้องล็อกอินก่อน ::
  ล็อกอิน

รายการสื่อสารสนเทศ

ลำดับที่ ประเภท เลขเรียก/บาร์โค้ด สถานที่ สถานะ
1. วิทยาศาสตร์การแพทย์ และสุขภาพ
วิทยาศาสตร์การแพทย์ และสุขภาพ
PE1128 C172 V.6 ฉ.1 
  Barcode: 26413
ห้องสมุดวิทยาเขตนครสวรรค์
►หนังสือทั่วไป:l:General Books
บนชั้น

รายการใกล้เคียง
    ชื่อเรื่อง [Cambridge practice tests for IELTS 6]

    หัวเรื่อง [International English Language Testing System.]

BibComment


ยังไม่เคยถูกคอมเมนท์

คอมเมนท์ทรัพยากรรายการนี้
  คอมเมนท์: Cambridge practi..


 Copyright 2026. Bcnsprnw @Library